SADCC-beyond transportation: The challenge of industrial cooperation. (Record no. 28788)
[ view plain ]
| 000 -LEADER | |
|---|---|
| fixed length control field | 00641cam6a220018100 4500 |
| 001 - CONTROL NUMBER | |
| control field | zam00010156 |
| 008 - FIXED-LENGTH DATA ELEMENTS--GENERAL INFORMATION | |
| fixed length control field | 970717n xx eng u |
| 035 ## - SYSTEM CONTROL NUMBER | |
| System control number | (Sirsi) r140156 |
| 040 ## - CATALOGING SOURCE | |
| Modifying agency | UPRA |
| 100 ## - MAIN ENTRY--PERSONAL NAME | |
| Personal name | OSteraard, Tom. |
| Linkage | A105220.1 |
| 245 10 - TITLE STATEMENT | |
| Title | SADCC-beyond transportation: The challenge of industrial cooperation. |
| 260 ## - PUBLICATION, DISTRIBUTION, ETC. | |
| Place of publication, distribution, etc. | Uppsala : |
| Name of publisher, distributor, etc. | SIAS, |
| Date of publication, distribution, etc. | 1989. |
| 520 ## - SUMMARY, ETC. | |
| Summary, etc. | This book examines constraints to coordination of industrial development in the region. |
| 650 #4 - SUBJECT ADDED ENTRY--TOPICAL TERM | |
| Topical term or geographic name entry element | Economic Cooperation. |
| Linkage | S59596.2 |
| 650 #4 - SUBJECT ADDED ENTRY--TOPICAL TERM | |
| Topical term or geographic name entry element | SADCC -- Transportation. |
| General subdivision | SADCC -- Transportation. |
| Linkage | S76377.1 |
| 949 10 - LOCAL PROCESSING INFORMATION (OCLC) | |
| m | INESOR |
| t | BOOK |
| l | ON-SHELF |
No items available.